Zaruka (vadium) w prawie litewskim XV - XVII wieku

Titel: Zaruka (vadium) w prawie litewskim XV - XVII wieku / Wojciech Kulisiewicz
Verfasser:
Veröffentlicht: Warszawa : Wydawn. Uniw. Warszawskiego, 1993
Umfang: 191 S.
Format: Buch
Sprache: Polnisch
ISBN: 8323098085
Buchumschlag
X
Lokale Klassifikation: 45 12 F
alg: 3282329
001A    $03004:04-01-95 
001B    $01999:28-04-23 $t21:43:51.000 
001C    $06002:02-03-06 $t03:58:38.000 
001D    $09999:99-99-99 
001U    $0utf8 
001X    $00 
002@    $0Aauc 
003@    $0032823290 
004A    $083-230-9808-5 
007A    $0032823290 $aHEB 
007T    $0Herdhh032823290 
010@    $apol 
011@    $a1993 $n1993 
013H    $0z 
015@    $0W 
021A    $a@Zaruka (vadium) w prawie litewskim XV - XVII wieku $hWojciech Kulisiewicz 
028A    $7 $8Kulisiewicz, Wojciech [Tnd] $9149203799 
033A    $pWarszawa $nWydawn. Uniw. Warszawskiego 
034D    $a191 S. 
045F    $a340.09 $eDDC23BSB 
045F/01 $a340.09 
045F/03 $f0903 
045F/03 $f09041 
045F/03 $g4793 
045G    $a351.09 $eDDC23BSB 
045G/01 $a351.09 
045G/03 $g4793 
046M    $aLiteraturverz. S. 189 - [192] 

lok: 3282329 24
101B    $004-08-95 $t00:58:32.230 
107F    $0086573217 
145Z/01 $a45 12 F 
101U    $0utf8 

exp: 3282329 24 1 #EPN
201B/01 $013-12-02 $t08:31:29.897 
203@/01 $0086573225 
208@/01 $a17-01-95 $bh 
209A/01 $a94.4806 $du $f050 $h94 4806 $x00 
209C/01 $a94.4806 T $h94 4806 T 
247C/01 $8358050-7 Marburg, Bibliothek des Herder-Instituts Marburg $9102600961 
201U/01 $0utf8 

lok: 3282329 78

exp: 3282329 78 1 #EPN
201B/01 $019-04-17 $t17:49:48.000 
201U/01 $0utf8 
203@/01 $0794184863 
208@/01 $a12-11-16 $be 
209A/01 $a/ $f000 $x00 
237A/01 $aweiterführende Signatur(en): Herder-Institut: 94.4806 
244Z/01 $2Trx $#Litauen $#Lithuania $#Litwa $#Litva $#Litva $8--Trx--Lietuva $x01 $9391193457 
244Z/01 $2Trx $8--Trx--Monographie $x02 $9391384546 
245Z/01 $a07.01 $x01 
247C/01 $82080>Marburg/Lahn, Herder-Institut, Forschungsbibliothek, Bibliographieportal $9336309341
LEADER 00000cam a2200000 c 4500
001 032823290
003 DE-603
005 20230428214351.0
007 tu
008 950104s1993 xx |||| | u00||u|pol c
020 |a 8323098085 
035 |a (DE-599)HEB032823290 
040 |a DE-603  |b ger  |c DE-603  |d DE-603 
041 |a pol 
082 0 4 |8 1\u  |a 340.09  |q DE-101  |2 23/BSB 
083 0 |8 2\u  |a 351.09  |q DE-101  |2 23/BSB 
085 |8 1\u  |b 340.09 
085 |8 1\u  |z 1  |s 0903 
085 |8 1\u  |z 1  |s 09041 
085 |8 1\u  |z 2  |s 4793 
085 |8 2\u  |b 351.09 
085 |8 2\u  |z 2  |s 4793 
100 1 |a Kulisiewicz, Wojciech  |0 (DE-603)149203799 
245 0 0 |a Zaruka (vadium) w prawie litewskim XV - XVII wieku  |c Wojciech Kulisiewicz 
264 1 |a Warszawa  |b Wydawn. Uniw. Warszawskiego  |c 1993 
300 |a 191 S. 
504 |a Literaturverz. S. 189 - [192] 
924 0 |9 Mb 50  |a (DE-603)086573225  |b DE-Mb50  |c HES  |d c  |g 94.4806 
924 0 |9 2080  |a (DE-603)794184863  |b DE-2080  |c HES  |d d  |g /